000 00864cam a22002773a 4500
001 7510
003 PGUSA
005 20140828083145.0
008 050201s2005||||xxu|||||s|||||000 1 eng d
040 _aPGUSA
_beng
042 _adc
050 4 _aPS
100 1 _aParrish, Randall,
_d1858-1923
245 1 0 _aKeith of the Border :
_bA Tale of the Plains
_h[electronic resource] /
_cRandall Parrish
260 _bProject Gutenberg,
_c2005
506 _aPublic domain in the USA.
516 _aElectronic text
653 _aLove stories
653 _aWestern stories
653 _aUnited States -- History -- Civil War, 1861-1865 -- Veterans -- Fiction
653 _aAdventure stories
653 _aFrontier and pioneer life -- West (U.S.) -- Fiction
830 0 _aProject Gutenberg
_v7510
856 4 0 _uhttp://www.gutenberg.org/ebooks/7510
942 _cEB
999 _c236830
_d236830